Companies with a Single-Letter Stock Ticker Symbol - Statistics

General Stats
  • This quiz has been taken 107 times
  • The average score is 5 of 21
Answer Stats
Symbol Industry/Products Company % Correct
F automotive Ford
92%
C financial services Citigroup
45%
T telecommunications AT&T
40%
M conglomerate: retail Macy's
38%
Z real estate Zillow
37%
V financial services Visa
36%
K food processing Kellogg's
27%
H hospitality, travel, tourism Hyatt
25%
X steel U.S. Steel
21%
D electric utility Dominion
13%
J engineering, architecture, construction Jacobs Solutions
11%
R transportation Ryder
11%
O real estate investment trust Realty Income
10%
U software Unity Technologies
10%
W e-commerce Wayfair
10%
A healthcare equipment and services Agilent Technologies
9%
L insurance, hotels, oil drilling, pipelines Loews Corporation
8%
S cybersecurity SentinelOne
7%
B manufacturing, aerospace Barnes Group
5%
E oil and gas Eni
5%
G professional services, IT, consulting Genpact
4%
No matching quizzes found
Score Distribution
Percent of People with Each Score
Percentile by Number Answered
Your Score History
You have not taken this quiz